000 00524nam a22001931a 4500
001 19399
003 OSt
005 20260204212451.0
008 190508s2015||||spa||||||b||||||||||spa||
020 _a9788497358682
082 _a796.4257 H296p
100 _aHarr, Eric
245 _aPreparar un triatlón en 4 horas por semana/Eric Harr
264 _aBarcelona,España:Editorial Amat
300 _a268 Páginas
500 _aIncluye índice, glosario de términos
650 _aDeporte 2.TriatlónÌ
942 _2ddc
_cBK
999 _c19399
_d19399